Jane Eyre

Saved in:
Bibliographic Details
Main Author: Bronte, Charlotte, 1816-1855
Format: Book
Language:Greek
Published: Oxford : Oxford University Press, 1992.
Series:Oxford bookworms
Subjects:
Tags: Add Tag
No Tags, Be the first to tag this record!

MARC

LEADER 00000cam a2200000 i 4500
001 1/64257
008 941103s1992 enk| ||| |||| ||gre||
020 |a 0194216322 
035 |a 1993  |c ΒΙΒΛΙΟΘΗΚΗ  |l 10046933 
040 |a GR-MyUA  |b gre  |e AACR2 
041 0 |a gre 
082 0 |a 428.64 
100 1 |a Bronte, Charlotte,   |d 1816-1855. 
245 1 0 |a Jane Eyre /   |c Charlotte Bronte ; retold by Clare West.  
260 |a Oxford :   |b Oxford University Press,   |c 1992.  
300 |a 105 σ. ;   |c 20 εκ.  
490 1 |a (Oxford bookworms)  
650 0 0 |a English language  |v Textbooks for foreign speakers. 
650 0 0 |a English language  |x Readers. 
767 0 8 |i Μεταφρασμένο ως:   |t Τζέην Έυρ /  
830 0 |a Oxford bookworms 
852 |a INST  |b SAMOS  |e 19941103  |h 428.64 BRO  |p 005300002545  |q 005300002545  |t BK  |y 0 
909 |a Σ  |b 030775